Australian States and Territories Map Quiz - Statistics

General Stats
  • This quiz has been taken 2,476 times
    2,467 since last reset
  • The average score is 7 of 8
Answers on the Map
Answers color-coded by a green-red scale on the quiz's map according to % correct below.
 
Answer Stats
Answer % Correct
Tasmania
94%
Western Australia
93%
Northern Territory
91%
South Australia
89%
Australian Capital Territory
88%
New South Wales
85%
Queensland
84%
Victoria
79%
No matching quizzes found
Score Distribution
Percent of People with Each Score
Percentile by Number Answered
Your Score History
You have not taken this quiz since the last reset